000 00704cam a22002172 4500
001 0000019354
005 20151021151132.0
008 101111s xx 000 0 eng d
020 _a0273717263 :
_cKES 900
040 _aKABU
_cKABU
050 0 _aHF5415.33
_b.E85C66 2010
245 1 0 _aConsumer behaviour :
_ba European perspective /
_cMichael R. Solomon ... [et al.].
250 _a4th ed.
260 _aHarlow, England :
_bPrentice-Hall,
_c2010.
300 _axxvii, 700 p.
650 0 _aConsumer behavior
_zEurope.
_@0000151549
700 1 _aSolomon, Michael R.
_@0000159995
852 1 _9p5200 KES
908 _a101111
950 _@1
999 _c1049
_d1049